000 00764nam a2200229Ii 4500
003 JO-AjNU
008 230605s9999||||xx |||||||||||||| ||und||
017 _a2010/7/2625
020 _a978-9957-70-436-0
040 _aJO-AjNU
_bara
_erda
_cJO-AjNU
041 _aara
050 1 4 _aPJ6696.Z5.P4837 2011
100 3 _aحسان، فدوى محمد,
_eauthor
_943323
245 0 0 _aأثر الإنسجام الصوتي في البنية اللغوية في القرآن الكريم
250 _aط1
264 3 1 _aإربد: عالم الكتب الحديث، 2011
300 _a439ص
336 _atext
_btxt
_2rdacontent
337 _aunmediated
_bn
_2rdamedia
338 _avolume
_bnc
_2rdacarrier
650 4 _aاللغة العربية - أصوات
_943324
999 _aA18617
_c22185
_d22185